| 000 | 00694nam a2200229Ia 4500 | ||
|---|---|---|---|
| 003 | OSt | ||
| 005 | 20230728140902.0 | ||
| 008 | 210716s1983 xx 000 0 und d | ||
| 020 | _a0907563287 | ||
| 040 | _cAIMIT LIBRARY | ||
| 041 | _aeng | ||
| 082 |
_a005.101 _21 _bHAYD |
||
| 100 |
_aHaywood, Daniel. _9128825 |
||
| 245 |
_aCreating arcade games on your zx spectrum / _cBy Haywood, Daniel. |
||
| 250 | _a1st ed. | ||
| 260 |
_aLondon : _c1983. _bInterface publications |
||
| 300 |
_a158p. ; _bPB _c21 cm. |
||
| 650 |
_aUser defined graphics _9128826 |
||
| 650 |
_aUsing logical operators _9128827 |
||
| 650 |
_aAdding interest to games _9128828 |
||
| 942 |
_2ddc _cBK _e1st ed. _k005.101 HAYD |
||
| 999 |
_c180567 _d180567 |
||